000 00922nam a2200277 a 4500
003 OSt
005 20220210083149.0
008 100811s2019 dr 000 0 spa d
020 _a9789945169522
040 _aDO-SdBNP
_bspa
_cBPMSU
082 4 _a320.973
_bN714t 2019
_222
100 1 _aNina Gómez, Carlos
100 z _aGómez, Carlos Nina
245 1 0 _aTrump vs. Obama... ¿Quién gana? /
_cCarlos Nina Gómez ; prólogo Tony Raful.
260 _aSanto Domingo :
_bBúho,
_c2019.
300 _a404 p. :
_bil., fots. ;
_c23 cm.
500 _aIncluye datos biográficos del autor en las solapas.
590 _aInventariado, 2022/VM
600 1 4 _aObama, Barack,
_d1961-
600 1 4 _aTrump, Donald,
_d1946-
650 4 _aPresidentes
_zEstados Unidos
_ySiglo XXI
651 4 _aEstados Unidos
_xPolítica y gobierno
_ySiglo XXI
700 1 _aRaful, Tony,
_eprólogo
_d
910 _aVMateo V.
942 _2ddc
_cBK
999 _c14029
_d14029